El surgimiento del espacio social: Rimbaud y la Comuna de París
שמור ב:
| מחבר ראשי: | |
|---|---|
| פורמט: | ספר |
| שפה: | ספרדית |
| יצא לאור: |
Madrid
Akal
2018
|
| מהדורה: | 1a. ed |
| סדרה: | Pensamiento Crítico, 66
|
| נושאים: | |
| תגים: |
הוספת תג
אין תגיות, היה/י הראשונ/ה לתייג את הרשומה!
|
MARC
| LEADER | 00000cam a2200000 a 4500 | ||
|---|---|---|---|
| 001 | UCC4704 | ||
| 003 | CL-VaPUC | ||
| 008 | 180824e20180000sp |||||||||||||||||spa|d | ||
| 020 | |a 9788446045762 | ||
| 082 | 0 | 4 | |a 821.8 |b ROS |2 21 |
| 100 | 0 | |a Ross, Kristin |e author |9 598892 | |
| 245 | 1 | 3 | |a El surgimiento del espacio social: Rimbaud y la Comuna de París |
| 250 | |a 1a. ed | ||
| 300 | |a 252 p | ||
| 942 | |c BK | ||
| 945 | |d 20180824 13:39:00 |a dcastane | ||
| 260 | |a Madrid |b Akal |c 2018 | ||
| 650 | 0 | |a Literatura y sociedad |9 265230 | |
| 650 | 0 | |a Vida y costumbres |9 611784 | |
| 650 | 7 | |a HISTORIA DE FRANCIA SIGLO 19 |2 CL-VaPUC |9 345418 | |
| 583 | |a last modification |c 20180824 13:39:00 |k Rodrigo Vera | ||
| 490 | 0 | |a Pensamiento Crítico, 66 | |
| 999 | |c 372122 |d 372120 | ||
| 952 | |0 0 |1 0 |3 erb |4 0 |6 821_800000000000000_ROS_2018 |7 0 |8 A |9 489388 |a BIBART |b BIBART |i 5491010 |o 821.8 ROS 2018 |p 5491010 |r 2025-03-13 |w 2019-11-24 |y BK |z Catalogado en:20180824 |k ART | ||